000 00347nam a2200145 4500
999 _c510776
_d510776
008 190830b ||||| |||| 00| 0 eng d
100 _aKapur, Avani
_99305
245 _aFederalism and social policy
260 _c2019
300 _ap.23-27.
650 _aSocial policy
_99306
773 _aSeminar
906 _aFederalism
942 _2ddc
_cAR